| 000 | 00471nam a2200181Ia 4500 | ||
|---|---|---|---|
| 003 | OSt | ||
| 005 | 20221010144448.0 | ||
| 008 | 210210b1923 xxu||||| |||| 00| 0 eng d | ||
| 040 | _cAL | ||
| 041 | _aeng | ||
| 082 | _a334/62 | ||
| 100 |
_aSTAMP (J) _959313 |
||
| 245 | _aFundamental principles of taxation in the light of modern developments | ||
| 260 |
_aLondon _bMacmillan & Co. Ltd _c1923 |
||
| 690 |
_aPublic Finance _959314 |
||
| 906 | _a004326 | ||
| 942 |
_2ddc _cBK |
||
| 999 |
_c124380 _d124380 |
||